Responses for show #6010 - Friday, October 29, 2010

Contestants

Marie Braden, a customer service representative from Tempe, Arizona

Ricky Kreitner, a student of philosophy from Wayne, New Jersey

Jesse Cuevas, a corporate lawyer originally from Leawood, Kansas (whose 3-day cash winnings total $65,981)

Jeopardy! Round responses

U.S. MAGAZINES
CAR & DRIVER
"BON" APPETIT
TIME
READER'S DIGEST
(Alex: We want you to name the book in question.)
ARMCHAIR GENERAL
    $200 24
AARP

Jesse
    $200 26
Risky Business

Jesse
    $200 4
the bongos

Jesse
    $200 16
3 PM

Jesse
    $200 1
The Sun Also Rises

Jesse
    $200 19
Grant

Jesse
    $400 23
(Alex: Yes, with less than a minute.)

Sports Illustrated

Jesse
    $400 27
Smokey and the Bandit

Ricky
    $400 10
(Ricky: What are... ummm... I don't know.)

bonfires

JesseRicky
    $400 25
1:54 AM

Jesse
    $400 2
The Fountainhead

Jesse
    $400 20
(Jesse: Who is Hannibal?)

Alexander the Great

JesseRicky
    $600 7
TV Guide

Marie
    $600 28
[The end-of-round signal sounds.]

a DeLorean

Jesse
    $600 11
bona fides

Ricky
    $600 13
1 AM

Jesse
    $600 3
Portrait of the Artist as a Young Man

Marie
    $600 14
(Ricky: Who is Pancho Villa?)
(Jesse: Who is Dias?)

Santa Anna

JesseRickyMarie
    $800 8
(Jesse: What is Better Home and Gardens? [*].)
(Alex: You corrected yourself in time.)

Better Homes and Gardens

Jesse
    $800 12
Bonneville Salt Flats

Jesse
    $2,000 17
4:03 PM

Jesse
    $800 5
A Room with a View

Triple Stumper
    $800 21
Waterloo

Ricky
    $1000 9
(Alex: [*]: The Auto Club of Southern California, yes.)

AAA

Marie
    $1000 15
(Jesse: What is the hammerhead shark?)
...
(Alex: This is the [*]. I hadn't heard of it either.)

bonnethead shark

Jesse
Triple Stumper
    $1000 18
7:41 AM

Ricky
    $1000 6
(Alex: That's [*] by Theodore Dreiser, made into a great movie called A Place in the Sun.)

An American Tragedy

Triple Stumper
    $1000 22
Bernard Law Montgomery

Triple Stumper

Scores at the first commercial break (after clue 13):

Jesse Ricky Marie
$3,400 $200 $2,200

Scores at the end of the Jeopardy! Round:

Jesse Ricky Marie
$5,600 $2,200 $2,800

Double Jeopardy! Round responses

COUNTRY CLUBS
INTERNATIONAL SPORTS TROPHIES
ALL IN A DAY'S "WORK"
(Alex: In honor of the holiday...)
HALLOWEEN-POURRI
BIBLE BOOK NAMES
CHAMBER MUSIC
(Jimmy: One of the purest forms of music making, and we'll see how it's done at the Juilliard School.)
    $400 16
NATO (North Atlantic Treaty Organization)

Ricky
    $400 18
a network

Marie
    $400 7
(Ricky: Who is Santa Claus?)
(Alex: [*]--Halloween! They have Halloween in Canada, Ricky!)

the Great Pumpkin

JesseRicky
    $400 1
Genesis

Ricky
    $800 17
the League of Nations

Marie
    $800 19
(Jesse: What is a working guess?)

guesswork

JesseMarie
    $800 10
Trick or Treat

Triple Stumper
    $800 2
Acts

Jesse
    $4,000 23
(Alex: Ricky?)
(Ricky: Um...)
(Alex: Say something.)
(Ricky: The... Commonwealth?)
...
(Alex: Less than a minute now. Go.)

the European Union

Ricky
    $1200 3
China

Ricky
    $1200 20
clockwork

Marie
    $1200 11
bobbing for apples

Marie
    $1200 4
[Alex reads "OMG!" in the clue as "Oh my God!"]

Revelation

Triple Stumper
    $1200 14
(Antonin) Dvorak

Jesse
    $1600 24
the World Trade Organization

Jesse
    $1600 8
the Davis Cup

Jesse
    $1600 21
a work ethic

Ricky
    $1600 12
(All) Saint's Day

Marie
    $1600 5
Lamentations

Marie
    $1600 15
(Marie: What is the Moonlight Sonata?)

the Kreutzer Sonata

Marie
Triple Stumper
    $2000 25
the Warsaw Pact

Ricky
    $2000 9
rupees

Marie
    $2000 22
an earthwork

Triple Stumper
    $2000 13
the Celts

Jesse
    $2,000 6
Judges

Marie
    $2000 26
[The end-of-round signal sounds.]

(Samuel) Barber

Marie

Scores at the end of the Double Jeopardy! Round:

Jesse Ricky Marie
$12,400 $3,400 $14,800

[wagering suggestions for these scores]

Final Jeopardy! Round responses

NO. 1 HITS
(Alex: [To Jesse] You did not complete the second word. You got "monster" in there and you have "Monster Mal" so it's going to cost you $10,800.)
RickyWhat is "Please, Mr. Postman"
$3,399
JesseWhat the Monster Mal
$10,800
MarieWhat is Monster Mash?
$10,000
"The Monster Mash"

Final scores:

Jesse Ricky Marie
$1,600 $1 $24,800
2nd place: $2,000 3rd place: $1,000 New champion: $24,800

Game dynamics:

Coryat scores:

Jesse Ricky Marie
$11,200 $7,400 $14,800
21 R
(including 1 DD),
4 W
10 R,
4 W
(including 1 DD)
14 R
(including 1 DD),
1 W

Combined Coryat: $33,400

The J! Archive is created by fans, for fans. The Jeopardy! game show and all elements thereof, including but not limited to copyright and trademark thereto, are the property of Jeopardy Productions, Inc. and are protected under law. This website is not affiliated with, sponsored by, or operated by Jeopardy Productions, Inc. Join the discussion at JBoard.tv.